000 02049nam a22002057a 4500
999 _c60472
_d60472
003 Ge_BSU
005 20230725152622.0
008 230725s2023ge xxu||||| |||| 00| 0 geo d
041 _ageo
080 _a59 მ-74
100 _aმიქელაძე, რამაზ
_919541
245 _aაჭარის მდინარეთა(ჭოროხი, აჭარისწყალი, ჩაქვისწყალი, კინტრიში და მაჭახელა) იქთიოფაუნის სისტემატიკა, ბიოლოგია და ეკოლოგია".
_bდისერტაცია : ბიოლოგიის დოქტორის აკადემიური ხარისხის მოსაპოვებლად /
_cრამაზ მიქელაძე, სამეცნ. ხელმძღვ. თემურ გოგმაჩაძე
264 _aბათუმი :
_bბათუმის შოთა რუსთაველის სახელმწიფო უნივერსიტეტი,
_c2023.
300 _a144 გვ.:
_b30 სმ.
653 _aჭარის მდინარეთა(ჭოროხი, აჭარისწყალი, ჩაქვისწყალი, კინტრიში და მაჭახელა) იქთიოფაუნის სისტემატიკა, ბიოლოგია და ეკოლოგია".
653 _aზოოლოგია
700 _aგოგმაჩაძე, თემურ
_eსამეცნიერო ხელმძღვანელი
_9118
710 _aბათუმის შოთა რუსთაველის სახელმწიფო უნივერსიტეტი საბუნებისმეტყველო მეცნიერებათა და ჯანდაცვის ფაკულტეტი ბიოლოგიის დეპარტამენტი
_910400
942 _2udc
_cDS